000 00635cab a2200217 4500
001 X2301
008 090401t1995 xxu||||| |||| 00| 0 eng d
035 _a(Sirsi) u23233
041 _aeng
245 _aHealth and Safety Executive advise on CDM training
260 _c1995
350 _a0
490 _aCSM (Chartered Surveyor Monthly)
_v4(7) May 1995, 7(1)
650 _aCONSTRUCTION (DESIGN AND MANAGEMENT) REGULATIONS 1994
650 _aCONDAM REGULATIONS
650 _aHEALTH AND SAFETY EXECUTIVE
650 _aNEBOSH CERTIFICATE
690 _aBUILT ENVIRONMENT-BUILDING STANDARDS
942 _n0
948 _c04/03/1997
999 _c15545
_d15545